Statistics for Germany in the Eurovision Song Contest

Click here to take the quiz!

General Stats

  • This quiz has been taken 19 times
    (4 since last reset)
  • The average score is 19 of 69

Answer Stats

YearPlaceSongArtist(s)% Correct
20101"Satellite"Lena
100%
201110"Taken by a Stranger"Lena
100%
20184"You Let Me Walk Alone"Michael Schulte
100%
201925"Sister"S!sters
100%
201527"Black Smoke"Ann Sophie
75%
2020-"Violent Thing"Ben Dolic
75%
201321"Glorious"Cascada
75%
201418"Is It Right"Elaiza
75%
202412"Always on the Run"Isaak
75%
201626"Ghost"Jamie-Lee
75%
202125"I Don't Feel Hate"Jendrik
75%
201725"Perfect Life"Levina
75%
202326"Blood and Glitter"Lord of the Lost
75%
202225"Rockstars"Malik Harris
75%
20048"Can't Wait Until Tonight"Max
75%
19821"Ein bißchen Frieden"Nicole
75%
200719"Frauen regier'n die Welt"Roger Cicero
75%
20128"Standing Still"Roman Lob
75%
20005"Wadde hadde dudde da?"Stefan Raab
75%
200920"Miss Kiss Kiss Bang"Alex Swings Oscar Sings!
50%
19794"Dschinghis Khan"Dschinghis Khan
25%
1956?"So geht das jede Nacht"Freddy Quinn
25%
200524"Run & Hide"Gracia
25%
19987"Guildo hat euch lieb!"Guildo Horn
25%
19802"Theater"Katja Ebstein
25%
19713"Diese Welt"Katja Ebstein
25%
19703"Wunder gibt es immer wieder"Katja Ebstein
25%
20018"Wer Liebe lebt"Michelle
25%
200823"Disappear"No Angels
25%
200614"No No Never"Texas Lightning
25%
1956?"Im Wartesaal zum großen Glück"Walter Andreas Schwarz
25%
19598"Heute Abend wollen wir tanzen geh'n"Alice and Ellen Kessler
0%
199118"Dieser Traum darf niemals sterben"Atlantis 2000
0%
199718"Zeit"Bianca Shomburg
0%
19909"Frei zu leben"Chris Kempers and Daniel Kovac
0%
197414"Die Sommermelodie"Cindy and Bert
0%
19626"Zwei kleine Italiener"Conny Froboess
0%
200221"I Can't Live Without Music"Corinna May
0%
19738"Junger Tag"Gitte
0%
19639"Marcel"Heidi Brühl
0%
19835"Rücksicht"Hoffmann and Hoffmann
0%
19678"Anouschka"Inge Brück
0%
19868"Über die Brücke geh'n"Ingrid Peters
0%
19786"Feuer"Ireen Sheer
0%
197517"Ein Lied kann eine Brücke sein"Joy Fleming
0%
196113"Einmal sehen wir uns wieder"Lale Andersen
0%
19812"Johnny Blue"Lena Valaitis
0%
197615"Sing Sang Song"Les Humphries Singers
0%
200311"Let's Get Happy"Lou
0%
196610"Die Zeiger der Uhr"Margot Eskens
0%
19574"Telefon, Telefon"Margot Hielscher
0%
19587"Für zwei Groschen Musik"Margot Hielscher
0%
198413"Aufrecht geh'n"Mary Roos
0%
19723"Nur die Liebe läßt uns leben"Mary Roos
0%
198814"Lied für einen Freund"Maxi and Chris Garden
0%
19943"Wir geben 'ne Party"Mekado
0%
199318"Viel zu weit"Münchener Freiheit
0%
198914"Flieger"Nino de Angelo
0%
196413"Man gewöhnt sich so schnell an das Schöne"Nora Nova
0%
19778"Telegram"Silver Convention
0%
19699"Primaballerina"Siw Malmkvist
0%
199523"Verliebt in Dich"Stone and Stone
0%
19993"Reise nach Jerusalem – Kudüs'e Seyahat"Sürpriz
0%
196515"Paradies, wo bist du?"Ulla Wiesner
0%
19686"Ein Hoch der Liebe"Wencke Myhre
0%
199216"Träume sind für alle da"Wind
0%
19872"Laß die Sonne in dein Herz"Wind
0%
19852"Für alle"Wind
0%
19604"Bonne nuit ma chérie"Wyn Hoop
0%

Score Distribution

Percentile by Number Answered

Percent of People with Each Score

Your Score History

You have not taken this quiz since the last reset